000 00257nam a2200097Ia 4500
001 1101914
005 20250827003311.0
008 250824s9999 xx 000 0 und d
245 0 _aPAŞALARIN HHESAPLAŞMASI
_cMUSTAFA ARMAĞAN
260 _bKETEBE YAYINLARI
999 _c1101914
_d1101914